000 00482nam a2200181Ia 4500
003 GCL
008 140319s9999 xx 000 0 ara d
040 _aGCL /
_cGCL
082 0 4 _a813.03
_bن ف
100 1 _aنجيب محفوظ
245 1 0 _aالفجر الكاذب /
_cنجيب محفوظ
260 _a[S.N] :
_bمكتبة مصر ،
_c1989
300 _a232 ص
490 _a
650 0 4 _aالادب العربى
650 0 4 _aالقصص العربية
942 _2ddc
_cBK
999 _c55292
_d55292